|
|
|
|
| LEADER |
00000nam0a2200000 4500 |
| 001 |
323430 |
| 005 |
20231102003553.0 |
| 035 |
|
|
|a (RuTPU)RU\TPU\book\349016
|
| 090 |
|
|
|a 323430
|
| 100 |
|
|
|a 20161019d1903 m y0rusy50 ca
|
| 101 |
0 |
|
|a rus
|
| 102 |
|
|
|a RU
|
| 105 |
|
|
|a a j 000zy
|
| 200 |
1 |
|
|a Насосы и компрессоры. Практическое руководство к проектированию, построению, исследованию и исправлению насосов для практиков и учащися
|e в 2-х томах
|e пер. с нем.
|f Г. Хедер (Haeder)
|g пер. Л. А. Борович
|
| 210 |
|
|
|a Санкт-Петербург
|c Типография Н. Н. Клобукова
|d 1903
|
| 215 |
|
|
|a 352 с.
|c ил.
|
| 606 |
1 |
|
|a Насосы
|x Проектирование
|2 stltpush
|3 (RuTPU)RU\TPU\subj\44946
|9 64214
|
| 606 |
1 |
|
|a Компрессоры
|x Расчет
|2 stltpush
|3 (RuTPU)RU\TPU\subj\15091
|9 41388
|
| 610 |
1 |
|
|a эксплуатация
|
| 610 |
1 |
|
|a ремонт
|
| 610 |
1 |
|
|a обслуживание
|
| 610 |
1 |
|
|a поршневые насосы
|
| 610 |
1 |
|
|a описание
|
| 610 |
1 |
|
|a схемы
|
| 610 |
1 |
|
|a водопроводы
|
| 610 |
1 |
|
|a трубопроводы
|
| 610 |
1 |
|
|a практические пособия
|
| 675 |
|
|
|a 621.65.001
|v 3
|
| 675 |
|
|
|a 621.51.001
|v 3
|
| 700 |
|
1 |
|a Хедер (Haeder)
|b Г.
|
| 702 |
|
1 |
|a Борович
|b Л. А.
|4 730
|
| 801 |
|
1 |
|a RU
|b 63413507
|c 20161019
|
| 801 |
|
2 |
|a RU
|b 63413507
|c 20170213
|g RCR
|
| 942 |
|
|
|c BK
|